[Event "Canadian op U1600 48th"]
[Site "Toronto"]
[Date "2011.07.15"]
[Round "7"]
[White "Gomes, Michael"]
[Black "Michelashvili, Alexandre"]
[Result "0-1"]
[WhiteElo "1042"]
[BlackElo "1453"]
[PlyCount "64"]
[EventDate "2011.07.09"]
[EventType "swiss"]
[EventRounds "9"]
[EventCountry "CAN"]
[SourceTitle "EXT 2022"]
[Source "ChessBase"]
[SourceDate "2021.10.06"]
[SourceVersion "1"]
[SourceVersionDate "2021.10.06"]
[SourceQuality "1"]

1. d4 d5 2. c4 e6 3. Bf4 Nf6 4. Nc3 Bd6 5. Bxd6 Qxd6 6. Nf3 0-0 7. e3 Qd8 8. cxd5 exd5 9. Bd3 Bg4 10. Qc2 Nc6 11. a3 Re8 12. h3 Bxf3 13. gxf3 Nxd4 14. Qd1 Nc6 15. Qc2 d4 16. Ne4 Nxe4 17. Bxe4 h6 18. Rd1 Qf6 19. Rg1 dxe3 20. fxe3 Ne5 21. Ke2 Nc6 22. Rg2 Kh8 23. Rd5 Rad8 24. Rf5 Qxf5 25. Bxf5 Nd4+ 26. Kf2 Nxc2 27. Bxc2 Rd2+ 28. Kf1 Rxg2 29. Kxg2 Rxe3 30. Kf2 Re5 31. f4 Rb5 32. b3 Rc5 0-1